000 01417nam a22002295i 4500
001 153374
003 ES-MaACL
005 20251013195343.0
008 971014m18461847sp |||| | spa d
040 _aCYL
_bspa
_cCYL
245 0 0 _aCurso completo de filosofia para la enseñanza de ampliacion
_b: conforme en un todo al plan y programa oficial de estudios vigentes y designado para testo por el Consejo de Instruccion Pública.
260 _aMadrid :
_b[s.n.],
_c1846-1847 (
_fEstablecimiento Tipografico de F. de P. Mellado)
300 _a3 v.(366; 142, 188; 376 p.) ;
_c17 cm.
505 8 _aContiene: t. I. Psicologia y logica / escritas en francés por M. J. Tissot ; traducidas al idioma español por Isaac Nuñez de Arenas -- t. II. Gramatica general : escrita conforme al programa del Gobierno / por Isaac Nuñez de Arenas. Moral -- t. III. Compendio de la historia de la filosofia / por Victor Arnau y Lambea
596 1 _aEn el t. II la parte de Gramatica general esta editada por Imprenta de Jose Maria Alonso, Editor.
650 7 _aFilosofía
_2embne
_912802
700 1 1 _aTissot, M. J.
_tPsicología y lógica.
_9110342
700 1 1 _aNúñez de Arenas, Isaac,
_d1812-1869.
_tGramática general
_9222023
700 1 1 _aArnau y Lambea, Víctor.
_tCompendio de la historia de la filosofia.
_923062
852 _aES-MaACL
_jG-8850-52
_z-- Enc. hol.
_z-- Legado Charro Hidalgo
999 _c153374
_d153374